000 00632nam a2200229 i 4500
001 C2-0277999
003 PPAK
005 20180728005815.0
008 070129s2007 nyua|||| ||||| | eng d
040 _aPPAK
_beng
_cPPAK
_erda
082 0 4 _a327
_223
090 0 0 _a327
_bFOR
_dRLCK
245 0 0 _aForeign affairs :
264 1 _aNew York :
_bDavid Kellogg ,
_c2007
300 _a184 pages :
_billustrations ;
_c26 cm
336 _2rdacontent
_atext
337 _2rdamedia
_aunmediated
338 _2rdacarrier
_avolume
650 1 0 _aInternational relations - Periodicals.
700 1 _aHoge, James F.,
_eeditor
942 _ddc
_cB
999 _c85043
_d85043